000 00664nam a2200217 a 4500
001 000024864
005 20200930023421.0
008 110207s1996 sp r 000 0 spa d
020 _a9501605159
040 _aDO-SdBNP
_bspa
_cBNPHU
041 1 7 _aspa
_heng
_2Código de idiomas MARC
082 _ann*
_bnn*
100 1 _aRabelais, François.
_951028
240 1 0 _aAs it was.
_lEspañol
245 1 0 _aTal como fue /
_cLobsang Rampa ; traducción de Antonio H. Soto.
260 _aBuenos Aires :
_bTroquel,
_c1996.
300 _a223 p. ;
_c19 cm.
534 _aTítulo original en inglés :
_tAs it was
700 1 _aSoto, Antonio H.,
_etr.
_948442
049 _aBNGR
999 _c24357
_d24357